| 000 | 00952nam a2200313Ia 4500 | ||
|---|---|---|---|
| 001 | dia_300 | ||
| 003 | CHAP | ||
| 005 | 20240221112700.0 | ||
| 008 | 220117s2009 xx 000 0 und d | ||
| 010 | _a176426 | ||
| 020 | _a978-958-97181-8-6 | ||
| 040 | _cCHAP | ||
| 082 | _a634.4 D87 2009 | ||
| 100 | 1 |
_aDurán Ramírez, Felipe _934702 |
|
| 245 |
_aManual de la uchuva : manejo, propagación, tutorado, fertilización / _c Felipe Durán Ramírez |
||
| 260 |
_aColombia : _b Grupo Latino, _c2009 |
||
| 300 | _a48 p. | ||
| 440 |
_aGranja integral _950385 |
||
| 503 | _aC. | ||
| 504 | _aBibliografía: p. 48 | ||
| 590 | _aSB386.U34 D87 2009 | ||
| 650 |
_aUchuvas _xCultivo _9158799 |
||
| 650 |
_aUchuvas _xEnfermedades y plagas _9158800 |
||
| 650 |
_aUchuvas _xIndustria y comercio _9158801 |
||
| 901 | _a634.4 D87 2009 | ||
| 902 | _aA | ||
| 905 | _a5222272009 ck dimn8222223322spa16 | ||
| 942 |
_cLIBRO _2ddc |
||
| 999 |
_c176426 _d176426 |
||